000 00523 a2200181 4500
003 OSt
005 20240207125404.0
008 240207b |||||||| |||| 00| 0 eng d
020 _a9789390339037
040 _cOCLC
082 _a894.8129
_bHUS/I
100 _aHussain, Zakir P
_97897
245 _aIsalinte Karakkathottam /
_c P Zakir Hussain
250 _a1st ed.
260 _aKozhikode:
_bOlive Publications,
_c2020.
300 _a138p.
942 _2ddc
_cBK
_h894.8129
_iHUS/I
_k894.8129
_mHUS/I
999 _c44352
_d44352